Least obese US states - Statistics

General Stats
  • This quiz has been taken 195 times
  • The average score is 12 of 15
Answer Stats
Obesity % Answer % Correct
25.1 California
91%
25.7 New York
90%
27.6 Vermont
83%
27.7 Washington
83%
22.6 Colorado
82%
23.8 Hawaii
82%
27.3 New Jersey
81%
26.9 Connecticut
80%
25.3 Utah
80%
28.1 New Hampshire
78%
25.3 Montana
77%
26.7 Nevada
77%
25.9 Massachusetts
76%
28.4 New Mexico
71%
28.4 Minnesota
63%
No matching quizzes found
Score Distribution
Percent of People with Each Score
Percentile by Number Answered
Your Score History
You have not taken this quiz